| 000 | 01447cam a2200361 4500 | ||
|---|---|---|---|
| 020 | _a0070654220 | ||
| 082 | 0 | 0 |
_a624.1710202 _bTUM _cL-26,P-60 |
| 100 | 1 |
_aTuma, Jan J. _93085 |
|
| 245 | 1 | 0 |
_aSchaum's outline of theory and problems of structural analysis, _bwith an introduction to transport, flexibility and stiffness matrices, and their applications, _cby Jan J. Tuma. |
| 260 |
_aNew York, _bMcGraw-Hill _c[c1969] |
||
| 300 |
_a292 p. _billus. _c28 cm. |
||
| 490 | 0 | _aSchaum's outline series | |
| 526 |
_a0 _b0 _c0 _d624_171020200000000_TUM |
||
| 526 |
_a0 _b0 _c0 _d624_171020200000000_TUM |
||
| 526 |
_a0 _b0 _c0 _d624_171020200000000_TUM |
||
| 526 |
_a0 _b0 _c0 _d624_171020200000000_TUM |
||
| 526 |
_a0 _b0 _c0 _d624_171020200000000_TUM |
||
| 526 |
_a0 _b0 _c0 _d624_171020200000000_TUM |
||
| 526 |
_a0 _b0 _c0 _d624_171020200000000_TUM |
||
| 526 |
_a0 _b0 _c0 _d624_171020200000000_TUM |
||
| 526 |
_a0 _b0 _c0 _d624_171020200000000_TUM |
||
| 526 |
_a0 _b0 _c0 _d624_171020200000000_TUM |
||
| 526 |
_a0 _b0 _c0 _d624_171020200000000_TUM |
||
| 526 |
_a0 _b0 _c0 _d624_171020200000000_TUM |
||
| 526 |
_a0 _b0 _c0 _d624_171020200000000_TUM |
||
| 526 |
_a0 _b0 _c0 _d624_171020200000000_TUM |
||
| 526 |
_a0 _b0 _c0 _d624_171020200000000_TUM |
||
| 526 |
_a0 _b0 _c0 _d624_171020200000000_TUM |
||
| 526 |
_a0 _b0 _c0 _d624_171020200000000_TUM |
||
| 650 | 0 |
_aMCE _9379 |
|
| 650 | 0 |
_aStructural analysis (Engineering) _xOutlines, syllabi, etc. _938782 |
|
| 942 |
_2ddc _cBK |
||
| 999 |
_c543424 _d543424 |
||